000 00648na a2200217 4500
001 13949
003 MIRAKIL
005 20181213155244.0
008 160822b tu 000 0
035 _a13949
040 _aMilas
_btur
_cTR-AnCHP
082 _aATA 956.1024
_bB27g 2003
090 _aATA 956.1024 B27g 2003
100 _aBaştimar, Ömer
245 _aGüneşin doğuşu ve öyküsü
_cÖmer Baştimar
260 _aMersin
_b[yayl.y.]
_c2003
300 _a200 s.
_c19 sm.
600 _aAtatürk, Mustafa Kemal
_d1881-1938
_xAtatürk devrimleri
600 _aAtatürk, Mustafa Kemal
_d1881-1938
_xKurtuluş Savaşı
942 _2ddc
_cBKS
999 _c9351
_d9351